[Event "Veneto-ch qf 63rd"]
[Site "Arqua Petrarca"]
[Date "2003.05.11"]
[Round "6.23"]
[White "Gomez De Ayala, Paolo"]
[Black "De Nard, Stefano"]
[Result "1-0"]
[WhiteElo "1692"]
[BlackElo "1569"]
[PlyCount "81"]
[EventDate "2003.05.03"]
[EventType "swiss"]
[EventRounds "6"]
[EventCountry "ITA"]
[SourceTitle "EXT 2024"]
[Source "ChessBase"]
[SourceDate "2023.10.10"]
[SourceVersion "1"]
[SourceVersionDate "2023.10.10"]
[SourceQuality "1"]

1. d4 Nf6 2. c4 g6 3. Nc3 d5 4. e3 Bg7 5. Nf3 0-0 6. h3 c5 7. b3 Nc6 8. cxd5 Nxd5 9. Nxd5 Qxd5 10. Bc4 Qd8 11. Bb2 Qa5+ 12. Kf1 Rd8 13. Qe2 a6 14. Ng5 e6 15. Qf3 Rf8 16. a4 cxd4 17. Ne4 Ne5 18. Nf6+ Kh8 19. Qf4 Nxc4 20. bxc4 e5 21. Qh4 h6 22. Nd5 Qc5 23. Kg1 Qc6 24. exd4 Bf5 25. dxe5 Be6 26. Kh2 Bxd5 27. cxd5 Qxd5 28. Rhd1 Qb3 29. Rab1 Rac8 30. Ba1 Qc4 31. Qxc4 Rxc4 32. Rxb7 Rxa4 33. g3 Ra2 34. Kg2 Kg8 35. Re7 a5 36. Bc3 a4 37. Rdd7 a3 38. Bb4 Re2 39. Bxa3 Bxe5 40. Bd6 f6 41. Rg7+ 1-0

[Event "Padova op-A 5th"]
[Site "Padova"]
[Date "2002.12.15"]
[Round "2.28"]
[White "Quaranta, Gaetano"]
[Black "De Nard, Stefano"]
[Result "1-0"]
[WhiteElo "1534"]
[BlackElo "1398"]
[PlyCount "103"]
[EventDate "2002.12.14"]
[EventType "swiss"]
[EventRounds "6"]
[EventCountry "ITA"]
[SourceTitle "EXT 2023"]
[Source "ChessBase"]
[SourceDate "2022.10.05"]
[SourceVersion "1"]
[SourceVersionDate "2022.10.05"]
[SourceQuality "1"]

1. e4 c5 2. d4 cxd4 3. c3 d3 4. Bxd3 Nc6 5. Nf3 d6 6. c4 g6 7. Nc3 Bg7 8. Bd2 Nf6 9. 0-0 Be6 10. Rc1 Rc8 11. Re1 Nb4 12. Qa4+ Nc6 13. Nd5 0-0 14. Bc3 Bd7 15. Qb3 b6 16. h3 e6 17. Nxf6+ Bxf6 18. Red1 e5 19. Be2 Be6 20. Qc2 Qc7 21. b3 Rcd8 22. Bb2 Bg7 23. Ba3 Rd7 24. Rd3 Bh6 25. Rcd1 Rfd8 26. Nh2 f5 27. f3 Nd4 28. Qb2 Qc6 29. exf5 gxf5 30. Bb4 f4 31. Ng4 Bg7 32. Bc3 Nf5 33. R1d2 Ng3 34. Bd1 Qc5+ 35. Rf2 h5 36. Nh2 Bf6 37. Nf1 Bh4 38. Kh2 Rg7 39. Rdd2 Qc8 40. Bb4 Nf5 41. Rfe2 Nd4 42. Rxd4 exd4 43. Qxd4 Bg3+ 44. Nxg3 fxg3+ 45. Kg1 Bxh3 46. Qd5+ Kf8 47. Bxd6+ Rxd6 48. Qxd6+ Kg8 49. Qd5+ Kf8 50. Re4 Qf5 51. Qd8+ Kf7 52. Qe7+ 1-0

[Event "Veneto-ch qf 62nd"]
[Site "Arqua Petrarca"]
[Date "2002.05.12"]
[Round "6.29"]
[White "De Nard, Stefano"]
[Black "Colusso, Enrico"]
[Result "0-1"]
[WhiteElo "1422"]
[BlackElo "1446"]
[PlyCount "64"]
[EventDate "2002.05.04"]
[EventType "swiss"]
[EventRounds "6"]
[EventCountry "ITA"]
[SourceTitle "EXT 2024"]
[Source "ChessBase"]
[SourceDate "2023.10.10"]
[SourceVersion "1"]
[SourceVersionDate "2023.10.10"]
[SourceQuality "1"]

1. e4 e5 2. f4 d5 3. Nf3 Bg4 4. Be2 Nc6 5. 0-0 Bc5+ 6. Kh1 exf4 7. exd5 Qxd5 8. Nc3 Qd7 9. Ng5 Bxe2 10. Qxe2+ Qe7 11. Qxe7+ Bxe7 12. Re1 h6 13. Nf3 0-0-0 14. d3 g5 15. Ne5 Nxe5 16. Rxe5 Bf6 17. Re4 Bxc3 18. bxc3 Nf6 19. Re7 Rhe8 20. Ba3 Nd5 21. Rxf7 Re2 22. c4 Rde8 23. Bc5 Re1+ 24. Rxe1 Rxe1+ 25. Bg1 Nc3 26. h3 Ne2 27. Re7 Rxg1+ 28. Kh2 Re1 29. d4 h5 30. d5 g4 31. h4 g3+ 32. Kh3 Ng1# 0-1

[Event "Veneto-ch qf 62nd"]
[Site "Arqua Petrarca"]
[Date "2002.05.04"]
[Round "1.22"]
[White "Trangoni, Bruno"]
[Black "De Nard, Stefano"]
[Result "1-0"]
[WhiteElo "1671"]
[BlackElo "1422"]
[PlyCount "59"]
[EventDate "2002.05.04"]
[EventType "swiss"]
[EventRounds "6"]
[EventCountry "ITA"]
[SourceTitle "EXT 2024"]
[Source "ChessBase"]
[SourceDate "2023.10.10"]
[SourceVersion "1"]
[SourceVersionDate "2023.10.10"]
[SourceQuality "1"]

1. f4 c5 2. Nf3 Nc6 3. e3 d6 4. c4 Nf6 5. Be2 h6 6. 0-0 Qc7 7. Nc3 Bf5 8. d4 cxd4 9. Nxd4 Nxd4 10. exd4 g6 11. Nb5 Qc8 12. Be3 Bg7 13. Rc1 0-0 14. Kh1 a6 15. Nc3 Bg4 16. Na4 Bxe2 17. Qxe2 Qg4 18. Qd3 Rac8 19. Nc3 Qd7 20. f5 Kh7 21. Rf3 Rg8 22. Rcf1 Bf8 23. Ne4 Nxe4 24. fxg6+ fxg6 25. Rf7+ Bg7 26. Qxe4 Rgf8 27. R1f6 Rxf7 28. Qxg6+ Kh8 29. Rxf7 Rg8 30. Bxh6 1-0

[Event "Padova Fornace op 4th"]
[Site "Padova"]
[Date "2001.12.12"]
[Round "1.11"]
[White "De Nard, Stefano"]
[Black "Giacomini, Massimo"]
[Result "0-1"]
[WhiteElo "1530"]
[BlackElo "1884"]
[PlyCount "52"]
[EventDate "2001.12.15"]
[EventType "swiss"]
[EventRounds "6"]
[EventCountry "ITA"]
[SourceTitle "EXT 2024"]
[Source "ChessBase"]
[SourceDate "2023.10.10"]
[SourceVersion "1"]
[SourceVersionDate "2023.10.10"]
[SourceQuality "1"]

1. e4 Nf6 2. e5 Nd5 3. d4 d6 4. f4 Bf5 5. Bd3 Qd7 6. c3 g6 7. Nf3 Bg7 8. 0-0 0-0 9. h3 a5 10. Nh4 Na6 11. Nxf5 gxf5 12. Qh5 e6 13. g4 Ne7 14. gxf5 Nxf5 15. Bxf5 exf5 16. Nd2 c5 17. Nf3 Rae8 18. Be3 Re6 19. Rad1 Rh6 20. Qxh6 Bxh6 21. dxc5 d5 22. Rf2 Qa4 23. Rfd2 Bxf4 24. Bxf4 Qxf4 25. Rf2 Kh8 26. Rxd5 Re8 0-1

[Event "Padova op-B 2nd"]
[Site "Padova"]
[Date "1999.12.11"]
[Round "1.12"]
[White "Giancotti, Eraldo"]
[Black "De Nard, Stefano"]
[Result "0-1"]
[WhiteElo "1760"]
[BlackElo "1554"]
[PlyCount "72"]
[EventDate "1999.12.11"]
[EventType "swiss"]
[EventRounds "6"]
[EventCountry "ITA"]
[SourceTitle "EXT 2024"]
[Source "ChessBase"]
[SourceDate "2023.10.10"]
[SourceVersion "1"]
[SourceVersionDate "2023.10.10"]
[SourceQuality "1"]

1. d4 Nf6 2. Bg5 Ne4 3. h4 d5 4. Nd2 Nxg5 5. hxg5 Nc6 6. Ngf3 Bf5 7. e3 Nb4 8. Bb5+ c6 9. Ba4 e6 10. a3 Na6 11. Ne5 Qc7 12. Qe2 0-0-0 13. Bxc6 f6 14. gxf6 gxf6 15. Bb5 fxe5 16. g4 Bg6 17. Bxa6 bxa6 18. dxe5 Kb7 19. f4 Qxc2 20. Kf2 Qd3 21. Qxd3 Bxd3 22. Nb3 Rc8 23. Nd4 Bc5 24. Nxe6 Bb6 25. Rac1 Be4 26. Rhd1 h5 27. Rxc8 Kxc8 28. gxh5 Rxh5 29. Ng5 Rh2+ 30. Kg3 Rg2+ 31. Kh3 Rxb2 32. Nxe4 dxe4 33. e6 Bc5 34. Rc1 Rb5 35. Rc4 Kd8 36. a4 Ra5 0-1